00402cam a2200169ua 45000010005000000080039000050400009000440410008000530820011000611000031000722450041001032500009001442600036001533000009001896530016001986530018002147392141209n ii |||gr||||Z||||||ben cMAIN aben a782.42 aMukhupadhyay, T.,eAuthor.1 aCharjyagiticBy Tarapad Mukhupadhyay a1st. aKolkatta:bBiswabharati,c1965. a97p. aVocal music aBengali songs